000 00443nam a2200181Ia 4500
003 GCL
008 140319s9999 xx 000 0 eng d
040 _aGCL /
_cGCL
082 0 4 _a770
_bA P
100 1 _aACADEMY GROUP
245 1 0 _aPHOTOGRAPHY IN THE VISUAL ARTS /
_cACADEMY GROUP
260 _a[S.N] :
_bACADEMY GROUP ،
_c1995
300 _a96 P
650 0 4 _aARTS
650 0 4 _aPHOTOGRAPHY
650 0 4 _aVISUAL ART
942 _2ddc
_cBK
999 _c15744
_d15744